Laufey Lyrics - Too Little, Too Late - Statistics

General Stats
  • This quiz has been taken 27 times
  • The average score is 197 of 252
Answer Stats
Lyrics % Correct
a
100%
A
100%
I
100%
to
100%
To
100%
to?
100%
you
100%
You
100%
be
95%
in
95%
In
95%
in,
95%
my
95%
who
95%
Your
95%
your
95%
hear
90%
how
90%
It
90%
it
90%
it’s
90%
late
90%
little,
90%
scream
90%
should
90%
sword
90%
The
90%
the
90%
too
90%
about
85%
’Cause
85%
do
85%
down
85%
every
85%
fate
85%
I’ll
85%
is
85%
I’ve
85%
Last
85%
lay
85%
me
85%
name
85%
of
85%
Of
85%
talking
85%
tell
85%
way
85%
almost
80%
been
80%
begin
80%
’bout
80%
But
80%
chased
80%
fallen
80%
I’m
80%
jester
80%
love
80%
On
80%
should’ve
80%
Some
80%
state?
80%
town
80%
whole
80%
asked
75%
called
75%
’cross
75%
dream
75%
for
75%
ground
75%
just
75%
killed
75%
kills
75%
kind
75%
kingdom
75%
never
75%
night,
75%
papers
75%
read
75%
same
75%
single
75%
still
75%
you’re
75%
you’ve
75%
around
70%
could
70%
ruler
70%
smile
70%
top
70%
turned
70%
and
65%
engaged
65%
girls
65%
him
65%
him?
65%
someone
65%
didn’t
60%
leave
60%
reminder
60%
that
60%
What
60%
with
60%
x-ray
60%
clear
55%
done
55%
drowned
55%
fight
55%
fucking
55%
he’s
55%
Lost
55%
need
55%
broken,
50%
different
50%
happy
50%
I’d
50%
if
50%
promises
50%
soulmates
50%
things
50%
wrong
50%
abdicate
45%
fragility
45%
Guess
45%
lifeline
45%
lifetimes
45%
stay
45%
Throw
45%
we’re
45%
all
40%
anyway
40%
at
40%
day
40%
gate
40%
give
40%
God
40%
Heaven’s
40%
hidden
40%
know
40%
outside
40%
say
40%
see
40%
song
40%
stuck
40%
swear
40%
toast
40%
tug-of-war
40%
wedding
40%
Whisper
35%
vows
30%
No matching quizzes found
Score Distribution
Percent of People with Each Score
Percentile by Number Answered
Your Score History
You have not taken this quiz